Normal view
MARC view
- Cover Thomas M
Entry Personal Name
001 - CONTROL NUMBER
- control field: 735
003 - CONTROL NUMBER IDENTIFIER
- control field: NUST
005 - DATE AND TIME OF LATEST TRANSACTION
- control field: 20170515125337.0
008 - FIXED-LENGTH DATA ELEMENTS
- fixed length control field: 170515|| aca||aabn | a|a d
040 ## - CATALOGING SOURCE
- Original cataloging agency: NUST
- Transcribing agency: NUST
100 ## - HEADING--PERSONAL NAME
- Personal name: Cover Thomas M
670 ## - SOURCE DATA FOUND
- Source citation: Work cat.: (NUST)23503: Cover Thomas M, Elements of Information Theory, c2004
